000 00383nam a2200157Ia 4500
100 _aBabu/K.Mohan
650 _aIT service
942 _cBK
366 _f25
654 _aoffshoring
245 _aOff shoring IT services:A framework for managing outsourced projects
260 _bTata McGraw Hil
_c2006
082 _a5.74
_bBAB
300 _a278
546 _aENGLISH
_celectronics
999 _c20229
_d20229